000 00883nam a2200289 i 4500
001 bg
100 1 _aChristie, Agatha
_d(1890-1976).
245 1 0 _aI nie było już nikogo /
_cAgatha Christie ; przekł. Roman Chrząstowski.
246 1 _iTyt. oryg.:
_aAnd then there were none
260 _aKraków :
_b"Mediasat Poland",
_c[2004].
300 _a158, [2] s. ;
_c22 cm.
490 1 _aKolekcja Gazety Wyborczej : XX wiek ;
_v9
500 _aTyt. oryg.: "And then there were none" 1939
650 9 _aPowieść angielska
_y20 w.
700 1 _aChrząstowski, Roman.
_eTł.
830 0 _aKolekcja Gazety Wyborczej ;
_v9
020 _a8389651580
020 _a8497895479
040 _cBPK
041 1 _apol
_heng
044 _aPOL
080 _a821.111-3
920 _a83-89651-58-0
920 _a84-9789-547-9
942 _cKS
008 s pl f |000 0 pol
999 _c55646
_d55646
856 _uhttp://koha.tu.koszalin.pl/cgi-bin/koha/opac-detail.pl?biblionumber=55646
_yKatalog online BPK